000 00574nam a22001817a 4500
005 20251108172037.0
008 250721s1988 xx 000 0 ara d
082 1 4 _a530.11/هشا
100 1 _aغصيب، هشام
245 1 0 _aالطريق إلى النسبية /
264 1 _aالرباط :
_bالمنظمة الإسلامية للتربية و العلوم،
_c1988.
300 _a240
490 0 _aسيرورة التوحيد في فيزياء المجال ؛ 1
650 1 7 _aالنسبية
650 1 7 _aالنظريات
942 _2ddc
_cBK
999 _c68995
_d68995